Short notes and multiple choice questions : (Record no. 77382)

MARC details
000 -LEADER
fixed length control field 00495nam a22001577a 4500
005 - DATE AND TIME OF LATEST TRANSACTION
control field 20130711111809.0
010 ## - LCCN (DPL NO)
LC control number ENG-107940
020 ## - INTERNATIONAL STANDARD BOOK NUMBER
Terms of availability 295.00
International Standard Book Number 9788180388569
035 ## - SYSTEM CONTROL NUMBER
System control number EN-91473
037 ## - SOURCE OF ACQUISITION
Source of stock number/acquisition DBAD/PUB
245 00 - TITLE STATEMENT
Title Short notes and multiple choice questions :
Remainder of title the Indian contract act 9 of 1872 /
260 ## - PUBLICATION, DISTRIBUTION, ETC. (IMPRINT)
Place of publication, distribution, etc Gurgaon
Name of publisher, distributor, etc Lexis Nexis
Date of publication, distribution, etc 2013
270 ## - ADDRESS
Address 14th Floor, Bldg. No.10, Tower-B, DLF Cyber City, Phase-II
City Gurgaon
Postal code 122002
300 ## - PHYSICAL DESCRIPTION
Extent v,234p.
Dimensions 24cm(pbk)
942 ## - ADDED ENTRY ELEMENTS (KOHA)
Source of classification or shelving scheme Dewey Decimal Classification
Item type English Books
Call number suffix SHO
Holdings
Withdrawn status Lost status Not for loan Collection code Home library Current library Date acquired Source of acquisition Cost, normal purchase price Full call number Barcode Copy number Cost, replacement price Koha item type
    Not For Loan Non-fiction D.B.Act.Division D.B.Act.Division 11/07/2013 DBAD/PUB 295.00 SHO EN-91473 1 295.00 English Books

© Delhi Public Library
Hit Counter
free hit counter